Score 0/50 Timer 07:00
1 Play Today
Difficulty US States % Correct
Hawaii
96.2%
Texas
92.8%
Florida
89.1%
Alaska
86.9%
Nevada
83.9%
Michigan
81.5%
Washington
78.1%
California
77.6%
Wisconsin
76.8%
Massachusetts
75.2%
New York
73.4%
Oklahoma
70.1%
Tennessee
67.5%
Idaho
66.3%
N. Hampshire
61.3%
Virginia
59.8%
Minnesota
55.4%
Oregon
53.3%
Missouri
52.3%
Illinois
51.5%
Colorado
50.4%
N. Carolina
49.6%
Maryland
49.6%
Arizona
49.4%
West Virginia
49.4%
Difficulty US States % Correct
Pennsylvania
48.6%
Delaware
48.3%
Arkansas
47.1%
Ohio
46.6%
Louisiana
46.3%
Iowa
46%
Georgia
45.7%
Wyoming
44.3%
Nebraska
40.8%
Kentucky
38.5%
Utah
38.1%
New Mexico
37%
Rhode Island
36.8%
North Dakota
36%
Alabama
35.8%
Mississippi
35.2%
S. Carolina
34.6%
New Jersey
33.8%
Connecticut
33.5%
Vermont
33.2%
Kansas
33.1%
Indiana
32.3%
Maine
28.8%
South Dakota
24.5%
Montana
19.4%
Come Together.
Have Fun.
All Virtual.
We all need to come together. Play Sporcle's virtual live trivia to have fun, connect with people, and get your trivia on. Join a live hosted trivia game for your favorite pub trivia experience done virtually. If a virtual private party is more your thing, go here for details.

You're not logged in!

Compare scores with friends on all Sporcle quizzes.
OR
Log In

Sporcle TV

Today on Sporcle TV


Watch our educational content, quiz creation guides, and fun videos on Sporcle TV.

Show Comments

Extras

Top Quizzes Today


Score Distribution

Paid Content

Your Account Isn't Verified!

In order to create a playlist on Sporcle, you need to verify the email address you used during registration. Go to your Sporcle Settings to finish the process.

Report this User

Report this user for behavior that violates our Community Guidelines.

Details: